01708nam a2200445 i 4500001000700000003000800007005001700015006001900032007001500051008004100066020001800107020002700125035002300152035002400175035002200199040003100221050002400252080001700276082001900293245015900312264009600471300005800567336003100625337003300656338004300689588012500732650003300857650004000890650002700930650003400957650001800991650001801009650002501027651001401052651002201066655002701088700004701115700003801162856006201200147912FlNmELB20241217182257.0m o d | cr cnu||||||||180809s2015 mx a o 000 0 spa d z9786074019636 a9781512951585 (e-book) a(MiAaPQ)EBC5426157 a(Au-PeEL)EBL5426157 a(OCoLC)1105918106 aFINmELBbspaerdacFINmELB 4aHN120.Z9bS455 2015 a316.344 (72)0 a305.56097222300aSegregación urbana y espacios de exclusión :bejemplos de México y América Latina /cAdrián Guillermo Aguilar, Irma Escamilla H., coordinadores. 1aMéxico, D.F. :bUNAM, Instituto de Geografia :bEditorial Miguel Ángel Porrúa,c2015. a1 recurso en línea (542 páginas) :bilustraciones atextobtxt2rdacontent/spa acomputadorabc2rdamedia/spa arecurso en líneabcr2rdacarrier/spa aDescripción basada en recurso en línea; Título de la página del título en PDF (e-libro, visto August 9, 2010). 0aMarginality, SocialzMexico. 0aMarginality, SocialzLatin America. 0aCity planningzMexico. 0aCity planningzLatin America. 4aMarginalismo. 4aMedio social. 4aPlaneamiento urbano. 4aMéxico. 4aAmérica Latina. 4aLibros electrónicos.1 aAguilar, Adrián Guillermo,ecoordinador.1 aEscamilla H., Irma,ecoordinador.40uhttps://elibro.net/ereader/politecnicointernacional/38777